|
|
|
|
| LEADER |
01441nam a2200325 a 4500 |
| 001 |
630657 |
| 008 |
100119s1992 bg b 000 0 eng d |
| 010 |
|
|
|a 92903508
|
| 020 |
|
|
|a 9845130011 :
|c Tk350.00 ($20.00 U.S.)
|
| 040 |
|
|
|a DLC
|c DLC
|d DLC
|d DB-DhAAL
|
| 082 |
0 |
0 |
|a 306/.09172/4
|2 22
|
| 100 |
1 |
|
|a Elsenhans, Hartmut,
|d 1941-
|
| 245 |
1 |
0 |
|a Equality and development /
|c Hartmut Elsenhans.
|
| 260 |
|
|
|a Dhaka, Bangladesh :
|b Centre for Social Studies :
|b Distributor, Dana Publishers,
|c 1992.
|
| 300 |
|
|
|a 362 p. ;
|c 23 cm.
|
| 520 |
|
|
|a With references to the Third World countries.
|
| 504 |
|
|
|a Includes bibliographical references (p. [288]-362).
|
| 541 |
1 |
|
|e 00004868
|
| 651 |
|
0 |
|a Developing countries
|x Economic conditions.
|
| 650 |
|
0 |
|a Economic development.
|
| 650 |
|
0 |
|a Income distribution
|z Developing countries.
|
| 650 |
|
0 |
|a Income distribution.
|
| 650 |
|
0 |
|a Capitalism
|z Developing countries.
|
| 650 |
|
0 |
|a Capitalism.
|
| 650 |
|
0 |
|a Economic history.
|
| 710 |
2 |
|
|a University of Dhaka.
|b Centre for Social Studies.
|
| 852 |
4 |
|
|a Ayesha Abed Library
|j General Shelf.
|
| 999 |
|
|
|c 7106
|d 7106
|
| 952 |
|
|
|0 0
|1 0
|2 ddc
|4 0
|6 306_091724000000000_ELS_1992
|7 0
|9 7378
|a BRACUL
|b BRACUL
|c GEN
|d 2010-01-21
|g 350.00
|l 0
|o 306.091724 ELS
|p 3010004868
|r 2010-01-21
|t 1
|w 2010-01-21
|y BK
|
| 952 |
|
|
|0 0
|1 0
|2 ddc
|4 0
|6 306_000000000000000__09172_4_ELS
|7 0
|9 24366
|a SCL
|b SCL
|c GEN
|d 1998-11-18
|g 350.00
|l 0
|o 306.091724 ELS
|p 3020000778
|r 2014-05-25
|t 2
|w 2014-05-25
|y BK
|